00305nam a2200121Ia 4500008004100000041000800041082001400049100001800063245004000081260002900121300002100150365001200171240624s9999 xx 000 0 und d aeng a384.3 STE aSTEINBOCK DAN aCOMPETITION FOR THE MOBILE INTERNET c2003aNew YorkbSpringer aviii, : 223 : p. cERUb30